| 000 | 01200nam a2200253Ia 4500 | ||
|---|---|---|---|
| 003 | OSt | ||
| 005 | 20220930204401.0 | ||
| 006 | a|||||r|||| 00| 0 | ||
| 007 | ta | ||
| 008 | 220926b |||||||| |||| 00| 0 hin d | ||
| 024 | _a35771 | ||
| 037 | _cDissertations | ||
| 040 |
_aCRL _cCRL _bhin |
||
| 041 |
_2hin _ahin |
||
| 100 | _aअब्दुल लतीफ़, ले. | ||
| 110 | _aदिल्ली विश्वविद्यालय. कला संकाय. हिन्दी विभाग | ||
| 245 | 0 | _aहरिशंकर परसाई के व्यंग्य संग्रह प्रेमचंद के फटे जूते में अभिव्यक्त यथार्थबोध का अनुशीलन। | |
| 246 | _aHarishankar parasāī ke vyangya sangrah premachanda ke faṭe jūte mean abhivyakta yathārthabodh kā anushīlana। | ||
| 260 | _c2016 | ||
| 300 |
_a110पृ. _ccm. |
||
| 700 | _aदिल्ली विश्वविद्यालय. कला संकाय. हिन्दी विभाग | ||
| 942 |
_cDIS _2CC |
||
| 999 |
_c905963 _d905963 |
||